Statistics for Azores islands with a map

Click here to take the quiz!

General Stats

  • This quiz has been taken 167 times
  • The average score is 7 of 9

Answers on the Map

Answers color-coded by a green-red scale on the quiz's map according to % correct below.
 

Answer Stats

Size (km²)Island% Correct
746,8São Miguel
92%
447,7Pico
91%
141,7Flores
86%
17,1Corvo
81%
402,2Terceira
81%
245,8São Jorge
78%
97,2Santa Maria
77%
173,1Faial
70%
61,2Graciosa
66%

Score Distribution

Percentile by Number Answered

Percent of People with Each Score

Your Score History

You have not taken this quiz